Delaware Mansions Ltd and Another v Lord Mayor and Citizens of the City of Westminster (Record no. 70430)

MARC details
000 -LEADER
fixed length control field 00992cam a2200229 4500
001 - CONTROL NUMBER
control field X118299
008 - FIXED-LENGTH DATA ELEMENTS--GENERAL INFORMATION
fixed length control field 020208n2002 000 0 eng u
035 ## - SYSTEM CONTROL NUMBER
System control number (Sirsi) u118299
245 ## - TITLE STATEMENT
Title Delaware Mansions Ltd and Another v Lord Mayor and Citizens of the City of Westminster
260 ## - PUBLICATION, DISTRIBUTION, ETC.
Date of publication, distribution, etc. 2002
490 ## - SERIES STATEMENT
Series statement Building Law Reports
Volume/sequential designation [2002] 1 BLR 25-35(11)
520 ## - SUMMARY, ETC.
Summary, etc. Nuisance - encroachment by tree roots - damage to buildings - when damage caused - continuation of nuisance - continuing of cause of action - damages. Fulljudgement available on http://www.parliament.the-stationery-office.co.uk/pa/ld200102/ldjudgmt/jd011025/dela-1.htm.
650 ## - SUBJECT ADDED ENTRY--TOPICAL TERM
Topical term or geographic name entry element DELAWARE MANSIONS AND FLECKSUN V WESTMINSTER CC
650 ## - SUBJECT ADDED ENTRY--TOPICAL TERM
Topical term or geographic name entry element TREE ROOT SUBSIDENCE
650 ## - SUBJECT ADDED ENTRY--TOPICAL TERM
Topical term or geographic name entry element LANDOWNERS
650 ## - SUBJECT ADDED ENTRY--TOPICAL TERM
Topical term or geographic name entry element LIABILITY
650 ## - SUBJECT ADDED ENTRY--TOPICAL TERM
Topical term or geographic name entry element DUTY OF CARE
650 ## - SUBJECT ADDED ENTRY--TOPICAL TERM
Topical term or geographic name entry element TREE ROOTS
690 ## - LOCAL SUBJECT ADDED ENTRY--TOPICAL TERM (OCLC, RLIN)
Topical term or geographic name as entry element PROPERTY
856 ## - ELECTRONIC LOCATION AND ACCESS
Uniform Resource Identifier <a href="https://www.parliament.the-stationery-office.co.uk/pa/ld200102/ldjudgmt/jd011025/dela-1.htm">https://www.parliament.the-stationery-office.co.uk/pa/ld200102/ldjudgmt/jd011025/dela-1.htm</a>
942 ## - ADDED ENTRY ELEMENTS (KOHA)
Suppress in OPAC 0
Holdings
Withdrawn status Lost status Source of classification or shelving scheme Damaged status Not for loan Home library Current library Shelving location Date acquired Total Checkouts Full call number Barcode Date last seen Copy number Price effective from Koha item type
    Dewey Decimal Classification     London London Journal article 06/06/2002   X118299 118299-1001 06/08/2019 1 06/08/2019 Law report